Prune production manual

Guardado en:
Detalles Bibliográficos
Autor principal: Buchner, Richard P
Formato: Libro
Lenguaje:inglés
Publicado: Richmond, USA University of California 2012
Materias:
Etiquetas: Agregar Etiqueta
Sin Etiquetas, Sea el primero en etiquetar este registro!

MARC

LEADER 00000cam a2200000 a 4500
001 UCE7105
003 CL-VaPUC
005 20200914164500.0
008 150529e20120000us |||||||||||||||||eng|d
999 |c 359239  |d 359237 
020 |a 9781601077028 
040 |c Pontificia Universidad Católica de Valparaíso 
082 0 4 |a 634.22 BUC 2012  |2 21 
100 0 |a Buchner, Richard P  |9 579830 
245 1 0 |a Prune production manual 
260 0 3 |a Richmond, USA  |b University of California  |c 2012 
300 |a 320 páginas 
583 |a last modification  |c 20150529 15:00:00  |k Rodrigo Vera 
650 7 |a CIRUELAS  |2 CL-VaPUC  |9 325642 
650 7 |a CULTIVO DE ALIMENTOS  |2 CL-VaPUC  |9 546737 
942 |c BK  |2 ddc 
945 |d 20150529 15:00:00  |a dcastane 
952 |0 0  |1 0  |2 ddc  |3 erb  |4 0  |6 634_220000000000000_BUC_2012  |7 0  |8 A  |9 468379  |a BIBAGR  |b BIBAGR  |i 5160995  |o 634.22 BUC 2012  |p 5160995  |r 2025-01-20  |t 1  |w 2019-11-23  |y BK  |z Catalogado en:20150529  |k AGR